Лирическая поэзия Древнего Востока: сборник; перевод

Detalles Bibliográficos
Outros autores: Дьяконов И. М. Игорь Михайлович (составитель), Афанасьева В. К. (автор предисловия), Красаускас С. (иллюстратор)
Idioma:Grego antigo
exipcio antigo
Publicado: Москва, Наука, 1984
Subjects:
Formato: Libro
KOHA link:https://koha.lib.tpu.ru/cgi-bin/koha/opac-detail.pl?biblionumber=166438

MARC

LEADER 00000nam0a2200000 4500
001 166438
005 20231031162239.0
020 |a RU  |b 84-21979 
035 |a (RuTPU)RU\TPU\book\180544 
090 |a 166438 
100 |a 20091002d1984 m y0rusy5003 ca 
101 2 |a grc  |a egy 
102 |a RU 
105 |a a z 000gy 
200 1 |a Лирическая поэзия Древнего Востока  |e сборник  |e перевод  |f сост. И. М. Дьяконов ; авт. предисл. В. К. Афанасьева ; худож. С. Красаускас 
210 |a Москва  |c Наука  |d 1984 
215 |a 231 с.  |c ил.  |d 17 см 
610 1 |a Древнее Двуречье 
610 1 |a поэзия 
675 |a 89  |z rus 
702 1 |a Дьяконов  |b И. М.  |g Игорь Михайлович  |4 220 
702 1 |a Афанасьева  |b В. К.  |4 080 
702 1 |a Красаускас  |b С.  |4 440 
801 0 |a RU  |b RuMRKP  |c 19950704  |g psbo 
801 1 |a RU  |b 63413507  |c 20091002 
801 2 |a RU  |b 63413507  |c 20091002  |g RCR 
942 |c BK